| 000 | 01999cam a22004334i 4500 | ||
|---|---|---|---|
| 003 | PE-LiUPU | ||
| 005 | 20250731184547.0 | ||
| 008 | 150625s r 000 0 d | ||
| 035 | _a(Sirsi) a32199 | ||
| 040 |
_aPE-LiUPU _bspa _cPE-LiUPU _erda |
||
| 082 | 0 | 4 |
_a943.086 _bB919s _223 |
| 100 | 1 |
_aBuchheit, Gert, _eautor. |
|
| 245 | 1 | 3 |
_aEl servicio secreto aleman / _cGert Buchheit ; versión española de Carlos Unterlohner Clavaguera. |
| 250 | _aPrimera edición. | ||
| 264 | 1 |
_aBarcelona : _bLuis de Caralt, _c1970. |
|
| 300 |
_a463 páginas ; _c22 centímetros. |
||
| 336 |
_atext _2rdacontent |
||
| 337 |
_aunmediated _2rdamedia |
||
| 338 |
_avolume _2rdacarrier |
||
| 505 | 0 | _aServicio secreto. -Carácter, problema y singularidad. -El servicio secreto de información alemán de 1912 a 1918. -El servicio de Información Militar después del tratado de Versalles. -El servicio bajo la dirección del Capitán de navío Conrad Patzig. -El nuevo jefe: almirante Canaris. -Organización y actividades del servicio desde 1935 hasta 1939. - El servicio duranrte las crisis políticas. -Las luchas entre el servicio y la "D.S", hasta la muerte de Heydrich. - Canaris y la política. -El servicio durante la II gerra mundial de 1939 a 1942. -El "Caso Oster" y las conversaciones romanas por la paz. -Éxitos y fracasos del Servicio desde1942 hasta 1944. -Canaris y sus críticos. -Fin de servicio secreto de la información militar "La defensa". - Detención y muerte del Almirante. | |
| 526 | _aP136 | ||
| 526 | _aP135 | ||
| 526 | _aP134 | ||
| 526 | _aP133 | ||
| 526 | _aP144 | ||
| 526 | _aP143 | ||
| 526 | _aP87 | ||
| 526 | _aP35 | ||
| 526 | _aP20 | ||
| 526 | _aP14 | ||
| 526 | _aP10 | ||
| 526 | _aP06 | ||
| 650 | 1 | 4 |
_aEspionaje _zAlemania. _94364 |
| 650 | 2 | 4 |
_aPolicía secreta _zAlemania. _94365 |
| 700 |
_aUnterlohner Clavaguera, Carlos _etraductor. _94366 |
||
| 942 |
_2ddc _cBK |
||
| 999 |
_c39831 _d39831 |
||
| 980 |
_81 _gALBERTO SANCHEZ Responsable de Automatización |
||